00253nam a2200109 a 4500008004100000050001500041100001700056245004000073260000900113350000900122650001200131120416s1976 xx |||||||||||||| || u aTS 227 Pat aPatton, W. J14aThe science and practice of welding c1976 a0.00 aWELDING